[Event "AUTO-ADV-2746"]
[Site "http://www.queenalice.com/game.php?id=1146952"]
[Date "2013.1.30"]
[Round "1"]
[White "fpessoa"]
[Black "npeter"]
[Result "1/2-1/2"]
[WhiteElo "1889"]
[BlackElo "2091"]

1. e4 c5 2. Nc3 d6 3. Nf3 Nf6 4. Bc4 e6 5. O-O a6 6. h3 b5 7. Be2 b4 8. Na4 Nxe4
9. d3 Nf6 10. Bg5 Be7 11. Bxf6 Bxf6 1/2-1/2

[Event "AUTO-ADV-2746"]
[Site "http://www.queenalice.com/game.php?id=1146953"]
[Date "2013.1.30"]
[Round "1"]
[White "npeter"]
[Black "fpessoa"]
[Result "1/2-1/2"]
[WhiteElo "2083"]
[BlackElo "1897"]

1. d4 Nf6 2. c4 c5 3. d5 d6 4. Nc3 e5 5. e4 a6 6. Bd3 g6 7. Nge2 Bg7 8. f3 O-O
9. Bg5 Nbd7 10. Qd2 b6 11. g4 Qe8 12. Ng3 Bb7 13. h4 1/2-1/2

[Event "AUTO-ADV-2746"]
[Site "http://www.queenalice.com/game.php?id=1146954"]
[Date "2013.1.30"]
[Round "1"]
[White "fpessoa"]
[Black "Paulsains"]
[Result "0-1"]
[WhiteElo "1942"]
[BlackElo "1769"]

1. e4 e5 2. Nf3 Nf6 3. d3 Nc6 4. Bg5 Be7 5. Bxf6 Bxf6 6. g3 O-O 7. Bg2 d6 8. O-O
Bg4 9. Nbd2 Nd4 10. Nxd4 Bxd1 11. Nf5 Bxc2 0-1

[Event "AUTO-ADV-2746"]
[Site "http://www.queenalice.com/game.php?id=1146955"]
[Date "2013.1.30"]
[Round "1"]
[White "Paulsains"]
[Black "fpessoa"]
[Result "1-0"]
[WhiteElo "1988"]
[BlackElo "1904"]

1. e4 c5 2. Nf3 Nc6 3. Bc4 e6 4. O-O Nf6 5. Nc3 Bd6 6. d4 O-O 7. d5 exd5 8. exd5
Ne5 9. Nxe5 Bxe5 10. Qf3 d6 11. Bg5 Bxc3 12. Qxc3 a6 13. Bxf6 Qxf6 14. Qxf6 gxf6
15. Rae1 b5 16. Bd3 Bd7 17. Re4 f5 18. Rf4 Rfe8 19. Bxf5 Bxf5 20. Rxf5 Re2 21.
Rc1 Rae8 22. Kf1 Kg7 23. g4 Rd2 24. b3 Re4 25. h3 Ree2 26. a4 Rxc2 27. Rxc2 Rxc2
28. axb5 axb5 29. Ke1 Rc3 30. Rg5+ Kf6 31. Rh5 Kg6 32. Ke2 Rxb3 33. f4 Rb2+ 34.
Kd3 c4+ 35. Kc3 Rb3+ 36. Kc2 1-0

[Event "II Open de Gaia"]
[Site "http://www.queenalice.com/game.php?id=1158979"]
[Date "2013.3.8"]
[Round "1"]
[White "fpessoa"]
[Black "Lucius1"]
[Result "0-1"]
[WhiteElo "1888"]
[BlackElo "2382"]

1. e4 b6 2. Nf3 Bb7 3. Nc3 e6 4. d3 Nf6 5. Bg5 h6 6. Bxf6 Qxf6 7. Be2 Bb4 8. Qd2
Nc6 9. O-O Nd4 10. a3 Bxc3 11. bxc3 Nxe2+ 12. Qxe2 Qxc3 13. d4 O-O 14. Rfd1 f5
15. e5 Bxf3 16. gxf3 f4 17. a4 Rf5 18. Qd3 Qxd3 19. Rxd3 Rd8 20. Rc3 c6 21. Re1
Rg5+ 22. Kh1 Kf7 0-1

[Event "Challenge"]
[Site "http://www.queenalice.com/game.php?id=1159687"]
[Date "2013.3.10"]
[Round "-"]
[White "dedey_r3"]
[Black "fpessoa"]
[Result "0-1"]
[WhiteElo "1725"]
[BlackElo "1944"]

1. e4 g6 2. Nf3 Bg7 3. d4 c6 4. Nc3 e6 5. e5 a6 6. Be2 Ne7 7. Bg5 O-O 8. Qd2 d5
9. O-O-O Qc7 10. Bh6 Nf5 11. Bxg7 Kxg7 12. g4 Nh6 13. Qf4 c5 14. h4 cxd4 15.
Rxd4 Nc6 16. Rd2 Qe7 17. g5 Nf5 18. Bd3 Qb4 19. Qxb4 Nxb4 20. Be2 Bd7 21. a3 Nc6
22. Na2 h6 23. Nb4 Nxb4 24. axb4 Bb5 25. Bxb5 axb5 26. Kb1 Rh8 27. Nd4 hxg5 28.
Nxf5+ gxf5 29. Rd4 Kg6 30. Rg1 g4 31. f3 Rxh4 32. fxg4 fxg4 33. Rdxg4+ Rxg4 34.
Rxg4+ Kf5 35. Rg7 Rf8 36. Rg1 Kxe5 37. Re1+ Kd6 38. c3 Rh8 39. Kc2 f5 40. Kd3
Rh3+ 41. Kc2 Rh2+ 42. Kb3 e5 43. Rc1 e4 44. Rc2 Rxc2 45. Kxc2 Ke5 46. Kd2 Kf4
47. Ke2 Kg3 48. Kf1 f4 49. Kg1 f3 50. Kf1 f2 51. b3 e3 0-1

[Event "Let's Play Chess!"]
[Site "http://www.queenalice.com/game.php?id=1206663"]
[Date "2013.8.18"]
[Round "-"]
[White "Eggchaser"]
[Black "fpessoa"]
[Result "0-1"]
[WhiteElo "1856"]
[BlackElo "1883"]

1. Nf3 g6 2. c4 Bg7 3. Nc3 Bxc3 4. bxc3 Nc6 5. g3 Nf6 6. Bg2 d6 7. O-O h6 8. d3
Bf5 9. Bd2 Qd7 10. Nd4 Bh3 11. Rb1 Bxg2 12. Kxg2 h5 13. h4 b6 14. Qa4 Ne5 15.
Qxd7+ Kxd7 16. a4 c5 17. Nf3 Nxf3 18. Kxf3 Ng4 19. Kg2 Ne5 20. Bf4 Nc6 21. Be3
Kc7 22. d4 Rad8 23. Rfd1 f6 0-1

[Event "Let's Play Chess!"]
[Site "http://www.queenalice.com/game.php?id=1208758"]
[Date "2013.8.18"]
[Round "-"]
[White "fpessoa"]
[Black "Eggchaser"]
[Result "1-0"]
[WhiteElo "1898"]
[BlackElo "1854"]

1. e4 d6 2. Nf3 c5 3. Bc4 e6 4. d3 Nc6 5. Bb5 Bd7 6. Bxc6 Bxc6 7. Nc3 Be7 8. O-O
Nf6 9. h3 h6 10. a3 O-O 11. Be3 a6 12. Qe2 Rc8 13. b4 cxb4 14. axb4 Qc7 15. Rfb1
Bd7 16. Bd2 Ra8 17. e5 dxe5 18. Nxe5 Bd6 19. Nxd7 Nxd7 20. Ne4 Be7 21. c4 b5 22.
c5 Rfd8 23. Ra3 Nf6 24. Qf3 Nxe4 25. Qxe4 Bf6 26. Bf4 Qd7 27. c6 Qd5 28. c7 1-0

[Event "AUTO-ADV-2936"]
[Site "http://www.queenalice.com/game.php?id=1209238"]
[Date "2013.8.18"]
[Round "1"]
[White "Baruch"]
[Black "fpessoa"]
[Result "1-0"]
[WhiteElo "1926"]
[BlackElo "1880"]

1. e4 d5 2. exd5 Qxd5 3. Nc3 Qe5+ 4. Be2 Qg5 5. Bf3 Nf6 6. d4 Qf5 7. Nge2 e6 8.
O-O Nc6 9. Ng3 Qa5 10. a3 Qb6 11. Nge2 Bd7 12. Bd2 Nxd4 13. Nxd4 Qxd4 14. b4
O-O-O 15. Ne2 Qb6 16. c4 e5 17. c5 Qa6 18. Nc3 Qd3 19. h3 Bxh3 20. gxh3 Qxd2 21.
Qxd2 Rxd2 22. Rfd1 Rxd1+ 23. Rxd1 b6 24. c6 Bd6 25. Nb5 a6 26. Nxd6+ cxd6 27.
Rxd6 Kc7 28. Rd1 e4 29. Be2 b5 30. a4 1-0

[Event "AUTO-ADV-2936"]
[Site "http://www.queenalice.com/game.php?id=1209239"]
[Date "2013.8.18"]
[Round "1"]
[White "fpessoa"]
[Black "Baruch"]
[Result "1-0"]
[WhiteElo "1918"]
[BlackElo "1966"]

1. e4 c5 2. Nc3 Nc6 3. a3 d6 4. Nf3 g6 5. Bc4 Bg7 6. O-O e6 7. Bb5 Bd7 8. Bxc6
Bxc6 9. d4 b6 10. d5 Bb7 11. dxe6 fxe6 12. Ng5 Qd7 13. Qd3 Ne7 14. Nb5 d5 15.
Nxe6 Be5 16. f4 a6 17. fxe5 axb5 18. Ng7+ Kd8 19. Bg5 d4 20. Rf7 1-0

[Event "AUTO-ADV-2936"]
[Site "http://www.queenalice.com/game.php?id=1209252"]
[Date "2013.8.18"]
[Round "1"]
[White "Taura10"]
[Black "fpessoa"]
[Result "1-0"]
[WhiteElo "1986"]
[BlackElo "1896"]

1. d4 Nf6 2. Bg5 Ne4 3. Bh4 d5 4. c4 dxc4 5. Nc3 Nxc3 6. bxc3 Qd5 7. e3 Be6 8.
Ne2 Bd7 9. Nf4 Qa5 10. Qc1 g5 11. Bxg5 Qxg5 12. Bxc4 Nc6 13. O-O e5 14. dxe5
Nxe5 15. Bd5 O-O-O 16. Qb2 b6 17. Qe2 Kb8 18. a4 1-0

[Event "AUTO-ADV-2936"]
[Site "http://www.queenalice.com/game.php?id=1209253"]
[Date "2013.8.18"]
[Round "1"]
[White "fpessoa"]
[Black "Taura10"]
[Result "0-1"]
[WhiteElo "1891"]
[BlackElo "2007"]

1. e4 c5 2. Nf3 g6 3. Bc4 Bg7 4. O-O Nc6 5. c3 Nf6 6. d3 O-O 7. h3 d6 8. Bb3 Na5
9. Bd5 e6 10. Bc4 Nxc4 11. dxc4 Nxe4 12. Qd3 Nf6 13. Bg5 Qb6 14. Bxf6 Bxf6 15.
b3 Bd7 16. Re1 Rad8 17. Nbd2 Bc6 18. Rad1 Qa5 19. Ne4 Bxe4 20. Qxe4 Bxc3 21. Re2
b5 22. cxb5 Qxb5 23. Rc1 Bf6 24. Rd2 d5 25. Qf4 Bg7 26. h4 Qb4 27. Qxb4 cxb4 28.
Rc7 Ra8 29. Rdc2 a5 30. Kf1 Bc3 31. h5 Kg7 32. Ng5 h6 33. Nxe6+ Kf6 34. Nxf8
Rxf8 35. Rc6+ Kg5 36. hxg6 fxg6 0-1

[Event "AUTO-ADV-2936"]
[Site "http://www.queenalice.com/game.php?id=1209262"]
[Date "2013.8.18"]
[Round "1"]
[White "fpessoa"]
[Black "oniwa"]
[Result "0-1"]
[WhiteElo "1866"]
[BlackElo "2040"]

1. e4 e5 2. Nf3 d5 3. exd5 Bd6 4. Bc4 Nf6 5. Nc3 Bg4 6. h3 Bh5 7. O-O O-O 8. d3
c6 9. Bg5 b5 10. Bxf6 Qxf6 11. Ne4 Qe7 12. Bb3 a5 13. a4 b4 14. Re1 c5 15. g4
Bg6 16. Nxd6 Qxd6 17. Nxe5 Qf6 18. Qd2 Ra7 19. d4 Rc7 20. f4 h6 21. dxc5 Rxc5
22. d6 Rd8 23. Qe3 Rcc8 24. f5 Bh7 0-1

[Event "AUTO-ADV-2936"]
[Site "http://www.queenalice.com/game.php?id=1209263"]
[Date "2013.8.18"]
[Round "1"]
[White "oniwa"]
[Black "fpessoa"]
[Result "0-1"]
[WhiteElo "2045"]
[BlackElo "1923"]

1. e4 e5 2. Nf3 Nc6 3. d4 exd4 4. Nxd4 Nge7 5. Bc4 Ne5 6. Bb3 c5 7. Nf3 N7c6 8.
a3 c4 9. Ba2 b5 10. Nxe5 Nxe5 11. Qd5 Nc6 12. Qxb5 Bd6 13. Bxc4 O-O 14. Nc3 Be5
15. Nd5 Nd4 16. Qa4 Qh4 17. Bd3 f5 18. Qc4 Kh8 19. g3 Qh5 20. f4 fxe4 21. Bxe4
Bb7 22. Qd3 Rae8 23. c3 Bxd5 24. Be3 Bxe4 0-1

[Event "Challenge"]
[Site "http://www.queenalice.com/game.php?id=1215971"]
[Date "2013.9.10"]
[Round "-"]
[White "fpessoa"]
[Black "Zoe"]
[Result "0-1"]
[WhiteElo "1944"]
[BlackElo "2037"]

1. e4 e6 2. Nf3 d5 3. exd5 Qxd5 4. Nc3 Qa5 5. d4 Nc6 6. Bd2 Bb4 7. d5 exd5 8.
Qe2+ Be6 9. Nb5 Bxd2+ 10. Nxd2 Nf6 11. Qe3 a6 12. Nd4 Nxd4 13. Qxd4 O-O 14. Bd3
Rfe8 15. O-O Qxd2 16. Bxh7+ Nxh7 17. Qxd2 c6 18. Qb4 Rab8 19. Rfe1 b6 20. Qa4
Rec8 21. Qxa6 Ng5 22. f3 b5 23. h4 Nh7 24. g4 Nf8 25. h5 Nd7 26. Qa3 Nb6 27. Qe7
d4 0-1

[Event "AUTO-MASTER-1959"]
[Site "http://www.queenalice.com/game.php?id=1222943"]
[Date "2013.10.8"]
[Round "1"]
[White "gedalias"]
[Black "fpessoa"]
[Result "1-0"]
[WhiteElo "2011"]
[BlackElo "1903"]

1. e4 e5 2. Nf3 Nc6 3. d4 exd4 4. Nxd4 Nf6 5. g3 Nxe4 6. Bg2 Bb4+ 7. c3 Nxd4 8.
Qxd4 Nxf2 9. Qxg7 Bf8 10. Qxh8 Nxh1 11. Bxh1 Qe7+ 12. Kd1 d5 13. Qd4 Bf5 14. Na3
O-O-O 15. Qxa7 Bg4+ 16. Kc2 Qe2+ 17. Bd2 Bf5+ 18. Kb3 Qxd2 19. Qa8+ Kd7 20. Qxb7
Ke8 21. Bf3 Qf2 22. Qb5+ Bd7 23. Qe2+ Qxe2 24. Bxe2 Rb8+ 25. Kc2 Bf5+ 26. Bd3
Bxd3+ 27. Kxd3 1-0

[Event "AUTO-MASTER-1959"]
[Site "http://www.queenalice.com/game.php?id=1222944"]
[Date "2013.10.8"]
[Round "1"]
[White "fpessoa"]
[Black "gedalias"]
[Result "0-1"]
[WhiteElo "1916"]
[BlackElo "1998"]

1. e4 c5 2. Nf3 Nc6 3. Bc4 e6 4. O-O d5 5. exd5 exd5 6. Bb5 Bd7 7. Bxc6 Bxc6 8.
Re1+ Be7 9. Ne5 Nf6 10. Qe2 Bd7 11. d3 O-O 12. Nc3 Be6 13. Nxf7 Rxf7 14. Qxe6 d4
15. Ne4 Nxe4 16. Rxe4 Qd6 17. Bd2 Qxe6 18. Rxe6 Re8 19. Rae1 h6 20. f3 Kf8 21.
R6e4 Rc8 22. Bf4 a5 23. a4 Bf6 24. Bd6+ Kg8 25. Re8+ Rxe8 26. Rxe8+ Kh7 0-1

[Event "AUTO-MASTER-1959"]
[Site "http://www.queenalice.com/game.php?id=1222955"]
[Date "2013.10.8"]
[Round "1"]
[White "vivafischer"]
[Black "fpessoa"]
[Result "0-1"]
[WhiteElo "1907"]
[BlackElo "1902"]

1. d4 d5 2. Nf3 Nf6 3. c4 e6 4. Nc3 c6 5. e3 Bb4 6. Bd3 Bxc3+ 7. bxc3 O-O 8. O-O
Nbd7 9. c5 g6 10. Qc2 Qc7 11. e4 e5 12. exd5 Nxd5 13. Bh6 Re8 14. Rae1 b6 15.
cxb6 axb6 0-1

[Event "AUTO-MASTER-1959"]
[Site "http://www.queenalice.com/game.php?id=1222956"]
[Date "2013.10.8"]
[Round "1"]
[White "fpessoa"]
[Black "vivafischer"]
[Result "1-0"]
[WhiteElo "1884"]
[BlackElo "1925"]

1. e4 e6 2. Nf3 d5 3. Bd3 Nf6 4. e5 Nfd7 5. O-O b6 6. Bb5 c6 7. Bd3 Ba6 8. Bxa6
Nxa6 9. d4 Be7 10. c3 O-O 11. Qd3 Nab8 12. Be3 c5 13. c4 dxc4 14. Qxc4 Nc6 15.
Nc3 1-0

[Event "AUTO-MASTER-1959"]
[Site "http://www.queenalice.com/game.php?id=1222963"]
[Date "2013.10.8"]
[Round "1"]
[White "fpessoa"]
[Black "joaopnunes"]
[Result "0-1"]
[WhiteElo "1924"]
[BlackElo "2132"]

1. e4 e5 2. Nf3 Nf6 3. Nxe5 d6 4. Nf3 Nxe4 5. d4 Be7 6. Bd3 d5 7. h3 O-O 8. O-O
c6 9. Bf4 Nd7 10. Nbd2 Nxd2 11. Qxd2 Bf6 12. Bd6 Re8 13. Rae1 Nf8 14. Bc7 Qd7
15. Rxe8 Qxe8 16. Qb4 Ne6 17. Re1 Qd7 18. Bg3 h6 19. c3 b6 20. Ne5 Bxe5 0-1

[Event "AUTO-MASTER-1959"]
[Site "http://www.queenalice.com/game.php?id=1222964"]
[Date "2013.10.8"]
[Round "1"]
[White "joaopnunes"]
[Black "fpessoa"]
[Result "1-0"]
[WhiteElo "2126"]
[BlackElo "1932"]

1. Nf3 Nf6 2. c4 c5 3. d4 cxd4 4. Nxd4 d6 5. Nc3 g6 6. e4 e5 7. Ndb5 a6 8. Na3
Bg7 9. Be2 Be6 10. O-O O-O 11. Nc2 Nc6 12. Be3 Re8 13. Bg5 Qb6 14. b3 Nd4 15.
Bxf6 Bxf6 16. Ne3 Qa5 17. Ncd5 Bg5 18. g3 Kh8 19. h4 Bh6 20. Bg4 Rf8 21. b4 1-0